000 00563nam a2200229Ia 4500
003 OSt
005 20220918195506.0
006 a|||||r|||| 00| 0
007 ta
008 220917b |||||||| |||| 00| 0 eng d
024 _a85,125
037 _cTextual
040 _aARTS
_cARTS
_beng
041 _2eng
_aeng
082 _aSM950#:8, J3-;1
100 _aDeverux G
_990426
245 0 _aPsychoanalysis and the occult
260 _c1953
650 _aPSYCHOLOGY
942 _hSM950#:8, J3-;1
_cTEXL
_2CC
999 _c208839
_d208839